Machine Learning and Explainable AI for Assessing Income Poverty Risk in Slovakia: Evidence from EU-SILC 2023

Uložené v:
Podrobná bibliografia
Hlavný autor: Komara, Silvia, 1985-
Ďalší autori: Košíková, Martina, 1997-
Médium: Kapitola
Jazyk:English
Predmet:
Tagy: Pridať tag
Žiadne tagy, Buďte prvý, kto otaguje tento záznam!

MARC

LEADER 00000naa$a2200000$$$4500
001 0314058
005 20260116085226.2
041 0 |a eng 
044 |a SK 
245 1 0 |a Machine Learning and Explainable AI for Assessing Income Poverty Risk in Slovakia: Evidence from EU-SILC 2023  |c Silvia Komara, Martina Košíková 
500 |a Abstrakt 
610 2 0 |a chudoba 
610 2 0 |a učenie strojové 
610 2 0 |a inteligencia umelá 
610 2 0 |a Slovensko 
100 1 |a Komara, Silvia, 1985- 
700 1 |a Košíková, Martina, 1997-